Analýza zložiek ekonomicky aktívneho obyvateľstva na Slovensku bakalárska práca

Saved in:
Bibliographic Details
Main Author: Matulová, Lenka
Corporate Author: Fakulta hospodárskej informatiky EU. Katedra štatistiky
Other Authors: Sokol, Martin
Format: Book
Language:Slovak
Published: Bratislava 2017
Tags: Add Tag
No Tags, Be the first to tag this record!

MARC

LEADER 00000nbm a2200000 4500
001 0233087
005 20171107132144.6
041 0 |a slo 
044 |a SK 
245 1 0 |a Analýza zložiek ekonomicky aktívneho obyvateľstva na Slovensku  |b bakalárska práca  |c Lenka Matulová ; školiteľ: Martin Sokol 
264 1 |a Bratislava  |c 2017 
300 |a 53 s. 
100 1 |a Matulová, Lenka 
700 1 |a Sokol, Martin 
710 2 |a Fakulta hospodárskej informatiky EU. Katedra štatistiky